000 00526nam a2200193Ia 4500
003 GCL
008 140319s9999 xx 000 0 eng d
040 _aGCL /
_cGCL
082 0 4 _aCH
_b507
_bM R
100 1 _aMC CLANAHAR BOOK COMPANY
245 1 0 _aROCKS AND MINERALS AT YOUR FINGERTIPS /
_cMC CLANAHAR BOOK COMPANY
700 1 _aMC CLANAHAN BOOK COMPANY
260 _a[S.N] :
_bMC CLANAHAN BOOK COMPANY ،
_c1995
650 0 4 _aSCIENCE
650 0 4 _aCHILDREN
650 0 4 _aMINERALS
650 0 4 _aROCK
942 _2ddc
_cBK
999 _c14660
_d14660